000
00220nam a2200121Ia 4500
100
_a
#N/A
942
_c
BK
245
_a
HTML 5- 24 hOUR TRAINER
260
_b
#N/A
082
_b
21946
546
_a
ENGLISH
999
_c
30811
_d
30811